000 01390nam0a2200361 4500
001 RU\NLR\BIBL_A\011710124
005 20180530153017.0
010 _a978-5-353-08756-4
021 _aRU
_bКН-П-18-027636
_9КН-П-18-2014
035 _a(NLR Aleph) 011710124
035 _a(RuMoRGB)009603803
090 _a11429200
_c11429200
100 _a20180521d2018 d y0rusy50 ca
101 1 _arus
_cfre
102 _aRU
105 _aa|||f|||001zy
200 1 _aЛошади
_e[для среднего школьного возраста]
_fАнтуанетта Делий, Грегуар Мабир
_g[перевод с французского Е. А. Новиковой]
210 _aМосква
_cРосмэн
_d2018
215 _a57, [2] с.
_cцв. ил.
_d29
225 1 _aО чем говорят животные
_eсекретная энциклопедия
320 _aУказ. в конце кн.
333 _a12+
606 1 _aЛошади
_jИздания для детей
_2nlr_sh1
_2nlr_sh2
_3RU\NLR\AUTH\6672490
686 _aШ9:П611(2)
_2rubbk
686 0 _aШ9
_bП61
700 1 _aДелий
_bА.
_gАнтуанетта
701 1 _aМабир
_bГ.
_cхудожник
_gГрегуар
_3RU\NLR\AUTH\77106637
942 _cBOOK
980 _aNBR
980 _aNB